Who Gnu? Quiz Stats

 Plays Quiz Updated Aug 6, 2019

Score 0/28 Timer 06:00
1 Play Today
definition word % Correct
Words that start with ‘gn’gnar
92.2%
Words that start with ‘gn’gnarl
87.3%
Words that start with ‘gn’gnu
80.5%
Words that start with ‘gn’gnaw
75.5%
Words that start with ‘gn’gnat
73.6%
Words that start with ‘gn’Gnarls
70.2%
Words that start with ‘gn’gnome
65.9%
Words that start with ‘gn’gnash
59.9%
Words that end with ‘gn’assign
58.4%
Words that end with ‘gn’align
56.8%
Words that end with ‘gn’campaign
53.4%
Words that start with ‘gn’gnarly
50.8%
Words that start with ‘gn’gnocchi
49%
Words that end with ‘gn’benign
46.4%
definition word % Correct
Words that end with ‘gn’ensign
44.8%
Words that end with ‘gn’foreign
40.9%
Words that end with ‘gn’malign
39.9%
Words that end with ‘gn’design
38.7%
Words that end with ‘gn’arraign
32%
Words that end with ‘gn’feign
29.9%
Words that end with ‘gn’deign
28.3%
Words that start with ‘gn’gneiss
18.6%
Words that start with ‘gn’gnostic
17.7%
Words that end with ‘gn’sovereign
11.6%
Words that end with ‘gn’impugn
8.2%
Words that start with ‘gn’gnomon
5.2%
Words that end with ‘gn’condign
1.3%
Words that start with ‘gn’gnathite
0.6%

You're not logged in!

Compare scores with friends on all Sporcle quizzes.
OR
Log In

Sporcle TV

Today on Sporcle TV


Watch our educational content, quiz creation guides, and fun videos on Sporcle TV.

Show Comments

Extras

Top Quizzes Today


Score Distribution

Your Account Isn't Verified!

In order to create a playlist on Sporcle, you need to verify the email address you used during registration. Go to your Sporcle Settings to finish the process.

Report this User

Report this user for behavior that violates our Community Guidelines.

Details: